<?xml version="1.0" encoding="UTF-8"?>
<record
    xmlns:xsi="http://www.w3.org/2001/XMLSchema-instance"
    xsi:schemaLocation="http://www.loc.gov/MARC21/slim http://www.loc.gov/standards/marcxml/schema/MARC21slim.xsd"
    xmlns="http://www.loc.gov/MARC21/slim">

  <leader>00415pam a2200157a 44500</leader>
  <controlfield tag="008">230405s1972    xxu||||| |||| 00| 0 eng d</controlfield>
  <datafield tag="041" ind1=" " ind2=" ">
    <subfield code="a">ENG</subfield>
  </datafield>
  <datafield tag="100" ind1=" " ind2=" ">
    <subfield code="a">Parker,T.J. / Haswell ,W.A.</subfield>
  </datafield>
  <datafield tag="245" ind1=" " ind2=" ">
    <subfield code="a">Textbook Of Zoology, Vol I -Invertebrates</subfield>
  </datafield>
  <datafield tag="260" ind1=" " ind2=" ">
    <subfield code="a">BOMBAY</subfield>
    <subfield code="b">Macamillan</subfield>
    <subfield code="c">1972</subfield>
  </datafield>
  <datafield tag="300" ind1=" " ind2=" ">
    <subfield code="a">874p.</subfield>
  </datafield>
  <datafield tag="440" ind1=" " ind2=" ">
    <subfield code="a">Source = RATNAKAR BOOK STALL MIRAJ</subfield>
  </datafield>
  <datafield tag="650" ind1=" " ind2=" ">
    <subfield code="a">ZOOLOGY</subfield>
  </datafield>
  <datafield tag="690" ind1=" " ind2=" ">
    <subfield code="a">ZOOLOGY</subfield>
  </datafield>
  <datafield tag="906" ind1=" " ind2=" ">
    <subfield code="a">2902</subfield>
  </datafield>
  <datafield tag="999" ind1=" " ind2=" ">
    <subfield code="c">783126</subfield>
    <subfield code="d">783126</subfield>
  </datafield>
  <datafield tag="952" ind1=" " ind2=" ">
    <subfield code="0">0</subfield>
    <subfield code="1">0</subfield>
    <subfield code="4">0</subfield>
    <subfield code="7">0</subfield>
    <subfield code="8">C</subfield>
    <subfield code="a">PKS</subfield>
    <subfield code="b">PKS</subfield>
    <subfield code="d">2014-02-08</subfield>
    <subfield code="l">0</subfield>
    <subfield code="o">592 / PAR-HAS</subfield>
    <subfield code="p">PKS-5874</subfield>
    <subfield code="r">2023-07-26 00:00:00</subfield>
    <subfield code="w">2023-07-26</subfield>
    <subfield code="y">BK</subfield>
  </datafield>
</record>
